| 000 | 00790cam a22002778a 4500 | ||
|---|---|---|---|
| 005 | 20260322212027.0 | ||
| 008 | data | ||
| 010 | _a 88021307 | ||
| 020 |
_a0802110525 : _c{dollar}19.95 |
||
| 020 |
_a9780802110527 : _c{dollar}19.95 |
||
| 040 | _dCOc. | ||
| 050 | 0 |
_aBF408 _b.S78 1988 |
|
| 082 | 0 |
_a150 _219 |
|
| 100 | 1 | _aStorr, Anthony. | |
| 245 | 1 | 0 |
_aChurchill's black dog, Kafka's mice, and other phenomena of the human mind / _cAnthony Storr. |
| 250 | _a1st ed. | ||
| 260 | 0 |
_aNew York : _bGrove Press, _c1988. |
|
| 300 |
_ax, 310 p. ; _c22 cm. |
||
| 504 | _aBibliography: p. | ||
| 650 | 0 | _aCreative ability. | |
| 650 | 0 |
_aCreative ability _vCase studies. |
|
| 650 | 0 |
_aGenius and mental illness _vCase studies. |
|
| 650 | 0 | _aPersonality. | |
| 650 | 0 | _aPsychology. | |
| 001 | data | ||
| 999 |
_c614 _d614 |
||